Manual of Pediatric Hematology and Oncology (notice n° 1552576)

détails MARC
000 -LEADER
fixed length control field 04103cam a2200277zu 4500
003 - CONTROL NUMBER IDENTIFIER
control field FRCYB88812165
005 - DATE AND TIME OF LATEST TRANSACTION
control field 20251020123004.0
008 - FIXED-LENGTH DATA ELEMENTS--GENERAL INFORMATION
fixed length control field 251020s2005 fr | o|||||0|0|||eng d
020 ## - INTERNATIONAL STANDARD BOOK NUMBER
International Standard Book Number 9780123751546
035 ## - SYSTEM CONTROL NUMBER
System control number FRCYB88812165
040 ## - CATALOGING SOURCE
Original cataloging agency FR-PaCSA
Language of cataloging en
Transcribing agency
Description conventions rda
100 1# - MAIN ENTRY--PERSONAL NAME
Personal name Lanzkowsky, Philip
245 01 - TITLE STATEMENT
Title Manual of Pediatric Hematology and Oncology
Statement of responsibility, etc. ['Lanzkowsky, Philip']
264 #1 - PRODUCTION, PUBLICATION, DISTRIBUTION, MANUFACTURE, AND COPYRIGHT NOTICE
Name of producer, publisher, distributor, manufacturer Elsevier Science
Date of production, publication, distribution, manufacture, or copyright notice 2005
300 ## - PHYSICAL DESCRIPTION
Extent p.
336 ## - CONTENT TYPE
Content type code txt
Source rdacontent
337 ## - MEDIA TYPE
Media type code c
Source rdamdedia
338 ## - CARRIER TYPE
Carrier type code c
Source rdacarrier
520 ## - SUMMARY, ETC.
Summary, etc. This will be the fifth edition of successful clinical manual aimed at all practitioners treating children with cancer and blood diseases, such as leukemia, anemia, and bone marrow failure. As with previous editions, this edition will be a comprehensive book on patient management, replete with algorithms and flow diagrams on diagnosis and management. Its concise and easy-to-read format will enable readers to make accurate diagnoses and permit them to treat patients even if they have not had extensive previous hematologic or oncologic experience. It will contain a list of normal values at various ages in children, which is extremely useful as a reference in the management of patients. Since the previous edition was written five years ago, there have been considerable advances particularly in the treatment and management of oncologic diseases in children. These oncology sections (approximately 40% of the book) will be entirely rewritten to incorporate all current protocols. In addition, advances in many other areas will require that all hematology sections of the book be updated. The successful basic format and content of clinical manifestations, diagnosis and differential diagnosis will be maintained – as in previous editions, the editor will closely edit chapter content to maintain consistency in format, depth, and style. In addition to the core group of hematologists and oncologists from Schneider Children’s Hospital, who contributed to the 4th edition, the editor is inviting 15 new authors who are all experts from around the country – in order to keep up with the advances in management of hem/onc diseases. The book will reflect the 45+ years of practical experience by the editor as well as the extensive clinical experience and research expertise of the various contributors. Feature Offers a concise, systematic approach to all pediatric hematologic and oncologic disorders in one reference manual Easy-to-read format: multiple tables, charts, and flow-diagrams for diagnosis and management of pediatric hematologic and oncologic disorders Clear presentation by practicing clinicians, who are also academic researchers, of recent developments in molecular genetics, cytogenetics, immunology, transplantation, and biochemistry to the extent that they have bearing on clinical practice Benefits Practitioners responsible for the care of children with hem/onc diseases will save time going to one concise, authoritative source for diagnosis and treatment options, without having to wade through all the details in larger tomes on hematology or oncology, or in thousands of journal articles Residents will use it as a guide to prepare for board examinations in pediatric hematology/oncology, pediatrics, hematology, and oncology Practicing pediatricians, hematologists, oncologists, fellows, and pediatric nurses will use it a quick source for a second opinion in diagnosis and disease management when they are unable to consult with a pediatric hem/onc specialist Practicing pediatric hem/onc specialists will use the book as a "refresher course" and will appreciate the systematic approach For all practitioners, correct diagnosis (and therefore correct treatment) of oncologic and hematologic diseases depends on a strong understanding of the molecular basis for the disease
650 #0 - SUBJECT ADDED ENTRY--TOPICAL TERM
Topical term or geographic name entry element
700 0# - ADDED ENTRY--PERSONAL NAME
Personal name Lanzkowsky, Philip
856 40 - ELECTRONIC LOCATION AND ACCESS
Access method Cyberlibris
Uniform Resource Identifier <a href="https://international.scholarvox.com/netsen/book/88812165">https://international.scholarvox.com/netsen/book/88812165</a>
Electronic format type text/html
Host name

Pas d'exemplaire disponible.

PLUDOC

PLUDOC est la plateforme unique et centralisée de gestion des bibliothèques physiques et numériques de Guinée administré par le CEDUST. Elle est la plus grande base de données de ressources documentaires pour les Étudiants, Enseignants chercheurs et Chercheurs de Guinée.

Adresse

627 919 101/664 919 101

25 boulevard du commerce
Kaloum, Conakry, Guinée

Réseaux sociaux

Powered by Netsen Group @ 2025